00530pab a2200157 454500008004000000100003300040245008600073260000900159300001000168362001400178650004200192773001100234909000900245999001500254952010300269180718b1988 xxu||||| |||| 00| 0 eng d aPrasad, Y. Eswara and others aAn econometric analysis of cotton production in Guntur district of Andhra Pradesh c1988 a79-86 aOct.-Dec. aFarm Produce - India - Andhra Pradesh aMargin a8129 c8129d8129 00104070aIIPAbIIPAd2018-07-19hVolume no: 21, Issue no: 1pAR8142r2018-07-19w2018-07-19yAR